000 00828nam a2200229 a 4500
001 48269
003 BD-RjUL
005 20211209054505.0
008 160813s1988 ii ||||| |||| 00| 0 ben d
020 _c: IRs.20.00
035 _a(BD-RjUL)48388
040 _aBD-RjUL
_bben
_cBD-RjUL
041 _aben
082 _223
_a891.44108
_bBAN 1988
100 _aসেন, দেবেন্দ্রনাথ
_9146161
245 1 0 _aকাব্য চয়নিকা /
_cদেবেন্দ্রনাথ সেন,
260 _aকলকাতা :
_bদে জ পাবলিশিং,
_c১৯৯৮৮
300 _a[তেইশ], ১৩২ পৃ. ;
_c২৩ সেমি.
650 _aবাংলা কবিতা
_9117724
_vসংগ্রহ
650 _aBengali poetry
_9117725
_vCollection
942 _2ddc
_cBK
999 _c48269
_d48269